000 00417nam a2200169Ia 4500
001 59077
008 140520s9999 xx 000 0 und d
020 _aNA
040 _cPK-LaUMT
082 _a 297
_bQUT-I
100 _aQutb, Muhammad
245 _aIslam the misunderstood religion
_cQutb, Muhammad
260 _aLahore,Pakistan:
_bIslamic Publications,
_c2003
300 _a199 p.
546 _aUR
942 _cBK
999 _c56405
_d56405